000 01033nam a2200265 i 4500
001 95566
003 ES-MaACL
005 20240418063113.0
007 t|
008 050531s1985 sp ||||1| val d
100 1 _aLlobregat, Enrique A.,
_d1941-2003
_972805
245 1 0 _aGrau-Garriga
_b: del tapís al macrocosmos teixit /
_cEnrique A. Llobregat; [traduccions Josep L'Escrivá, Vicente Forés, Pierrette Salas Martinelli; edició a cura de Joan Angel Blasco Carrascosa].
260 _aValencia :
_bCimal,
_c1985.
300 _a94 p. :
_bprincipalmente il. ;
_c26 cm.
490 1 _aMonografies Cimal ;
_v7
500 _aTexto paralelo en catalán, español, francés e inglés.
504 _aBibliografía.
700 1 _aEscrivá, José.
_947659
700 1 _aForés, Vicente.
_951725
700 1 _aSalas Martinelli, Pierrette.
_9101765
700 1 _aBlasco Carrascosa, Juan Ángel.
_929382
830 0 _aMonografies Cimal ;
_v7
_9232203
852 _aES-MaACL
_jG-14962
_bR.110882
999 _c95566
_d95566